Normal view
MARC view
- Phillips, Ronald L
Entry Personal Name
001 - CONTROL NUMBER
- control field: 109218
003 - CONTROL NUMBER IDENTIFIER
- control field: NUST
005 - DATE AND TIME OF LATEST TRANSACTION
- control field: 20230217123707.0
008 - FIXED-LENGTH DATA ELEMENTS
- fixed length control field: 230217|| aca||aabn | a|a d
040 ## - CATALOGING SOURCE
- Original cataloging agency: NUST
- Transcribing agency: NUST
100 ## - HEADING--PERSONAL NAME
- Personal name: Phillips, Ronald L
670 ## - SOURCE DATA FOUND
- Source citation: Work cat.: (NUST)175348: Andrews, Larry C. 80775, Mathematical techniques for engineers and scientists /, c2003.
